Manuel de géographie quantitative : Concepts, outils, méthodes (notice n° 1566230)
[ vue normale ]
| 000 -LEADER | |
|---|---|
| fixed length control field | 01531cam a2200157 4500500 |
| 005 - DATE AND TIME OF LATEST TRANSACTION | |
| control field | 20251214001512.0 |
| 041 ## - LANGUAGE CODE | |
| Language code of text/sound track or separate title | fre |
| 042 ## - AUTHENTICATION CODE | |
| Authentication code | dc |
| 100 10 - MAIN ENTRY--PERSONAL NAME | |
| Personal name | Feuillet, Thierry |
| Relator term | author |
| 245 00 - TITLE STATEMENT | |
| Title | Manuel de géographie quantitative : Concepts, outils, méthodes |
| 260 ## - PUBLICATION, DISTRIBUTION, ETC. | |
| Name of publisher, distributor, etc. | Armand Colin,<br/> |
| Date of publication, distribution, etc. | 2019.<br/> |
| 520 ## - SUMMARY, ETC. | |
| Summary, etc. | À l’ère du big data et du développement fulgurant des nouvelles technologies, jamais les données spatiales n’ont été si nombreuses et aussi facilement accessibles.Toutefois, leur compréhension et leur mobilisation ne sont pas sans difficulté. Ce manuel a pour objectif d’apporter un cadre rigoureux de lecture et d’analyse des données spatiales, sous toutes leurs formes, dans une démarche de modélisation applicable à tout type de données ou de phénomènes s’exprimant dans l’espace. Après avoir présenté les théories, les concepts et les principales définitions de la géographie quantitative, il propose aux étudiants d’explorer de manière progressive les principales méthodes à connaître – des statistiques spatiales basiques aux techniques de modélisation spatiale les plus avancées. Un ouvrage assorti de plus d’une soixantaine de figures originales en couleurs et de nombreuses applications empruntées à tous les champs de la discipline géographique. |
| 700 10 - ADDED ENTRY--PERSONAL NAME | |
| Personal name | Cossart, Étienne |
| Relator term | author |
| 700 10 - ADDED ENTRY--PERSONAL NAME | |
| Personal name | Commenges, Hadrien |
| Relator term | author |
| 856 41 - ELECTRONIC LOCATION AND ACCESS | |
| Uniform Resource Identifier | <a href="https://shs.cairn.info/manuel-de-geographie-quantitative--9782200622336?lang=fr&redirect-ssocas=7080">https://shs.cairn.info/manuel-de-geographie-quantitative--9782200622336?lang=fr&redirect-ssocas=7080</a> |
Pas d'exemplaire disponible.




Réseaux sociaux